Star Wars, Episode II - Prologue - Statistiques

Statistiques générales
  • Ce quiz a été pris 64 fois
  • Le résultat moyen est 40 sur 75
Statistiques - réponses
Prologue % Correct
à
100%
à
100%
à
100%
Jedi,
95%
Jedi
95%
la
95%
la
95%
la
95%
La
95%
la
95%
la
95%
de
91%
de
91%
de
91%
de
91%
le
91%
les
86%
les
86%
République.
82%
République
82%
Sénat
82%
Sénat
82%
Amidala,
73%
sénatrice
73%
Armée
68%
ce
64%
Comte
64%
Dooku,
64%
du
64%
Galactique.
59%
Galactique
59%
Naboo,
59%
Chevaliers
55%
dans
55%
Des
55%
et
55%
pour
55%
sur
55%
création
50%
d'une
50%
galaxie.
50%
par
50%
reine
50%
un
50%
ancienne
45%
au
45%
au
45%
vote
45%
aider
41%
séparatiste
41%
paix
36%
en
32%
mené
32%
systèmes
32%
crucial
27%
milliers
27%
mal
23%
nombre
23%
ont
23%
ont
23%
participer
23%
leur
18%
limité,
18%
maintenir
18%
quitter
18%
revient
18%
débordés.
14%
l'ordre
14%
mouvement
14%
solaires
14%
annoncé
9%
intention
9%
L'agitation
9%
règne
9%
Confrontés
5%
Aucun quiz correspondant
Distribution des résultats
% des personnes avec chaque résultat
Percentile par nombre de réponses
Votre historique - résultats
Vous n’avez pas pris ce quiz